000 00741nam a2200205 4500
005 20210816183254.0
008 210816s1994 pe |||fr|||| 001 0 spa d
040 _aCENDOC CAAAP
_bspa
_cCAAAP
041 _aspa
050 _aHA 1068.U
_bP45 1993
245 _aCensos nacionales 1993. Resultados definitivos :
_bdepartamento de Ucayali
250 _a1ra ed.
260 _aLima:
_bINEI,
_c1994
300 _a831 p.
505 _aContiene : Aspectos generales -- Análisis de los principales resultados censales --Resumen estadístico --Tabulados de población -- Características generales -- Tabulados de Vivienda.
650 1 0 _91407
_aCensos
650 2 0 _93296
_aPoblación
650 2 0 _93768
_aVivienda
942 _2lcc
_b16 - 08 - 21
_cBK
999 _c2210
_d2210